00315nam a2200121Ia 4500008004100000020001500041041001200056100001900068245004400087260003800131300000800169650001600177221030s9999 xx 000 0 und d a0071184589 aEnglish aR. S. Pressman 0aSoftware Engineeringcby R. S. Pressman bMcGraw-Hill Pub.aNew Delhic2001 a860 aBB Computer